<?xml version="1.0" encoding="UTF-8"?>
<collection xmlns="http://www.loc.gov/MARC21/slim">
 <record>
  <leader>01409nam a2200205Ia 4500</leader>
  <controlfield tag="001">CTU_223338</controlfield>
  <controlfield tag="008">210402s9999    xx            000 0 und d</controlfield>
  <datafield tag="082" ind1=" " ind2=" ">
   <subfield code="a">628.4</subfield>
  </datafield>
  <datafield tag="082" ind1=" " ind2=" ">
   <subfield code="b">Th305</subfield>
  </datafield>
  <datafield tag="088" ind1=" " ind2=" ">
   <subfield code="a">TSV2016-87</subfield>
  </datafield>
  <datafield tag="100" ind1=" " ind2=" ">
   <subfield code="a">Võ, Tính Thiện</subfield>
  </datafield>
  <datafield tag="245" ind1=" " ind2="0">
   <subfield code="a">Nghiên cứu khả năng ứng dụng trùn quế (Perionyx excavatus) để xử lý bùn thải nhà máy chế biến thủy sản thuộc khu công nghệp An nghiệp tỉnh Sóc Trăng :</subfield>
  </datafield>
  <datafield tag="245" ind1=" " ind2="0">
   <subfield code="b">Báo cáo tổng kết đề tài nghiên cứu Khoa học của sinh viên</subfield>
  </datafield>
  <datafield tag="245" ind1=" " ind2="0">
   <subfield code="c">Võ Tính Thiện (Chủ nhiệm đề tài) ; Bùi Thị Minh Diệu (Người hướng dẫn) ; Lý Quốc Diễn (Thành viên tham gia) ... [et al.]</subfield>
  </datafield>
  <datafield tag="260" ind1=" " ind2=" ">
   <subfield code="a">Cần Thơ</subfield>
  </datafield>
  <datafield tag="260" ind1=" " ind2=" ">
   <subfield code="b">Trường Đại học Cần Thơ</subfield>
  </datafield>
  <datafield tag="260" ind1=" " ind2=" ">
   <subfield code="c">2016</subfield>
  </datafield>
  <datafield tag="520" ind1=" " ind2=" ">
   <subfield code="a">Xử lý và tận dụng bùn thải từ nhà máy chế biến thủy sản để sản xuất phân trùn quế đạt tiêu chuẩn phân hữu cơ sinh học, đồng thời sản xuất sinh khối trùn quế từ bùn thải có chất lượng thịt trùn đạt tiêu chuẩn làm thức ăn cho vật nuôi.</subfield>
  </datafield>
  <datafield tag="650" ind1=" " ind2=" ">
   <subfield code="a">Giảm thiểu chất thải,Waste minimization</subfield>
  </datafield>
  <datafield tag="980" ind1=" " ind2=" ">
   <subfield code="a">Trung tâm Học liệu Trường Đại học Cần Thơ</subfield>
  </datafield>
 </record>
</collection>
